00669 a2200205 450000500170000001000130001702000210003003500130005103700160006408200130008024500650009326000280015827000140018630000220020070000250022270000250024794200320027299900190030495201400032320240513162704.0 aB-759020 a0198292043c0.00 aB-759020 bGift/Unesco a363.5492 aIndian Development/cEdited by- Jean Dreze [and] Amartya Sen aNew DelhibOxfordc1997 bNew Delhi a420 p.c22cm (Hb) aDrez e, Jean 966131 aSen, Amartya 966132 adplcEN2ddch363.5492mIND c202840d202840 001040708NFICaVPbVPd2024-05-13eGift/10.5.24g0.00l0o363.5492 INDpB-759020r2024-05-13 00:00:00t1v0.00w2024-05-13yENzGift